Biggest and Best by Sporcle Category Quiz Stats

 Plays Quiz Updated Sep 21, 2018

Score 0/15 Timer 04:00
5 Plays Today
Question Answer Wrong Answers
GEOGRAPHY
What country has the largest population?
China
88.9%
India
9.6%
Nigeria
0.6%
United States
0.7%
SCIENCE
What is the brightest star in the sky?
Sirius
80%
Bellatrix
4.3%
Arcturus
5.9%
Regulus
5.2%
LITERATURE
What is the best-selling book series of all time?
Harry Potter
78%
Lord of the Rings
14.4%
The Chronicles of Narnia
2.5%
Robert Langdon
0.9%
HISTORY
Which British monarch has had the longest reign?
Elizabeth II
70.6%
Elizabeth I
6.9%
Victoria
14%
Henry VIII
4.7%
TELEVISION
What primetime series had the most-watched finale?
M*A*S*H
70.1%
Cheers
7.6%
Seinfeld
18.3%
The Fugitive
1.7%
LANGUAGE
What language has the largest number of speakers?
Mandarin
67.1%
English
15.6%
Arabic
8.1%
Hindi
4.8%
MUSIC
What artist has the most Gold Records?
Elvis Presley
65.6%
Barbra Streisand
6.5%
Elton John
21.1%
Neil Diamond
5.8%
RELIGION
What world religion has the largest number of adherents?
Christianity
49%
Islam
28.4%
Hinduism
8.9%
Buddhism
8.5%
SPORTS
Who has the most hits in Major League Baseball history?
Pete Rose
47.1%
Ty Cobb
13.2%
Hank Aaron
17.7%
Barry Bonds
21.7%
HOLIDAY
On which holiday are the most cards sent?
Christmas
45%
Valentine's Day
20.8%
Mother's Day
28.6%
Halloween
0.3%
GAMING
What non-handheld game console has sold the most units?
Playstation 2
41.6%
Playstation
14.1%
X-Box
27.6%
Nintendo 64
12%
ENTERTAINMENT
Which character has the most appearances in DC Comics?
Batman
39.5%
Superman
52.2%
Wonder Woman
1.9%
Green Lantern
1.4%
MOVIES
Who has won the most Best Actress Oscars?
Katharine Hepburn
38.6%
Meryl Streep
54.9%
Ingrid Bergman
2.3%
Bette Davis
2.5%
JUST FOR FUN
Which Sporcle quiz category has had the most plays?
Geography
31.6%
Sports
15%
Just For Fun
33.2%
Movies
17.4%
MISCELLANEOUS
What car make and model has sold the most units?
Toyota Corolla
30.1%
Ford Model T
17.6%
Volkswagen Beetle
22.1%
Honda Civic
26.8%

You're not logged in!

Compare scores with friends on all Sporcle quizzes.
OR
Log In

Sporcle TV

Today on Sporcle TV


Watch our educational content, quiz creation guides, and fun videos on Sporcle TV.

Show Comments

Extras

Top Quizzes Today


Score Distribution

Your Account Isn't Verified!

In order to create a playlist on Sporcle, you need to verify the email address you used during registration. Go to your Sporcle Settings to finish the process.

Report this User

Report this user for behavior that violates our Community Guidelines.

Details: